00851cam a22002411 4500001001300000003000400013005001700017008004100034010001700075035002000092040002300112042001200135043001200147050001600159100003200175245021500207260003500422300004800457651004500505740001800550740002400568999001700592rc 01003457 DLC20260227111909.0841212s1857 mdua 000 0 eng  arc 01003457  a(OCoLC)11485777 aDLCcMdUdMdUdDLC apremarc an-us-md10aF189.B1bG51 aGobright, John Christopher.10aCity rambles, or, Baltimore as it is:bbeing a series of notices originally published in the Baltimore patriot and Commercial gazette, in which is given descriptive notices of new buildings ... manufactures ... aBaltimore,bJ.W. Woods,c1857. avii, [8]-185 p.bfront, illus., pl.c20 cm. 0aBaltimore (Md.)xDescription and travel.0 aCity rambles.0 aBaltimore as it is. c52579d52579